01774nam a2200325 a 450000100100000000500170001000800410002702000150006804000250008308200210010810000370012924500860016626000470025230000360029949000470033550400330038259000260041560000560044160000680049765000630056565000650062883000530069391000390074695201340078595201340091995201340105395201190118795201250130699900170143100001508320241130074013.0100201s2003 dr ac 001 0 spa d a9993496308 aDO-SdBNPbspacBNPHU aRD860.44bP438zI1 aPérez, Odalís d1952-92382813aLa identidad negada :blos caminos de la patria montonera /cOdalís G. Pérez. aSanto Domingo :bIdentidades vivas,c2003. a247 p. :bil., retrs. ;c23 cm.1 aNueva visión del pensamiento dominicano. aBibliografía : p. 227-231. aInventariado, 2018/LP14aFRANCISCO, RAMÓN,d1929-tPATRIA MONTONERA93415514aFRANCISCO, RAMÓN,d1929-xCRÍTICA E INTERPRETACIÓN923785 4aPoesía dominicanaxHistoria y críticaySIGLO XX923590 4aLiteratura dominicanaxHistoria y críticaySIGLO XX922986 0aNueva visión del pensamiento dominicano934156 aValidado. Control de calidad BNPHU 001052708DSaGRbGRcHDd2010-02-01iLF1l0oRD860.44 P438zIp15083-30r2020-06-25te. 3w2020-06-25yLFDSZPréstamo interno 001052708DSaGRbGRcHDd2010-02-01iLF1l0oRD860.44 P438zIp15083-40r2020-06-25te. 4w2020-06-25yLFDSZPréstamo interno 001052708DSaGRbGRcHDd2010-02-01iLF1l0oRD860.44 P438zIp15083-50r2020-06-25te. 5w2020-06-25yLFDSZPréstamo interno 0010718PDaPDbPDcHDd2010-02-01iLF1l0oRD860.44 P438zIp15083-10r2020-06-25w2020-06-25yLFPDZNo se presta 0010718PDaPDbPDcHDd2010-02-01iLF1l0oRD860.44 P438zIp15083-20r2020-06-25te. 2w2020-06-25yLFPDZNo se presta c14655d14655